000
00218 a2200097 4500
001
14015
100
_a
Henrikibsen
245
_a
Last plays of henrikibsen
260
_a
New York
_b
Bantam books
_c
090
_c
10972
_d
10972
942
_a
NUST-CAE
_c
M
_c
1083
999
_c
249088
_d
249088